000
00278nam a2200085Ia 4500
245
0
_a
Public Finance Management Act, 1 of 1999 & regulations
100
_a
South Africa Claremont [Cape Town], 2012 9th ed
_9
85353
942
_c
BK
008
210817s9999 xx 000 0 und d
999
_c
318716
_d
318714